000 00592nam a2200205 a 4500
008
020 _a9789650060213 (pbk.)
049 _aMAIN
090 0 4 _aTJ181
_bBRO
100 1 _aBrown, Henry T.
245 1 0 _aMechanical Movements: Mechanisms and devices /
_cby Henry T. Brown.
260 _aMendham, N.J. :
_bAstragal Press,
_c2008
300 _a122 p. :
_bill. ;
_c25 cm
650 0 _aMechanical movements
907 _a.b1039106x
_b14-05-18
_c09-05-18
003
005 20230123141111.0
040 _cNUST
942 _cBOOKS
_kTJ181
_mBRO
999 _c167685
_d167685